000 00482nam a22001817a 4500
003 CEME
005 20210628203421.0
008 210118b xxu||||| |||| 00| 0 eng d
020 _a0-7645-3573-0
040 _cceme
082 _a005.3 IRW
100 _aIrwin, Michael.R, Prague, Carry.N
_965305
245 _aAccess 2002 bible
260 _aNEW YORK
_bMCGRAW HILL
_c2002
300 _aXIVI,1610P
650 _aMICROSOFT ACCESS 2002.ACCESS 2002 BIBLE
_965306
942 _cBK
_2ddc
999 _c573560
_d573560